Historia y políticas públicas. Formulación de políticas públicas en la vieja democracia chilena.

Сохранить в:
Библиографические подробности
Другие авторы: Olavarría Gambi, Mauricio (Редактор)
Формат: Неизвестно
Опубликовано: Santiago, Chile: RIL Editores, 2022.
Редактирование:Primera edición
Предметы:
Метки: Добавить метку
Нет меток, Требуется 1-ая метка записи!

MARC

LEADER 00000 a2200000 4500
003 CL-VaPUC
005 20221107120755.0
008 221019t2022 ||||| |||| 00| 0 eng d
999 |c 438726  |d 438724 
020 |a 978-84-19372-14-7 
040 |c Pontificia Universidad Católica de Valparaíso 
082 7 |a 352.37 OLA 2022.  |2 22 
100 |a Olavarría Gambi, Mauricio   |e editor  |9 876688 
245 |a Historia y políticas públicas.   |b Formulación de políticas públicas en la vieja democracia chilena. 
250 |a Primera edición 
260 |a Santiago, Chile:  |b RIL Editores,  |c 2022. 
300 |a 267 páginas. 
583 |k GC  |c 20221019 
650 |a Políticas públicas   |z Chile   |9 878108 
650 |a Administración pública   |z Chile   |9 870021 
942 |2 ddc  |c BK 
952 |0 0  |1 0  |2 ddc  |4 0  |6 352_370000000000000_OLA_2022  |7 0  |8 A  |9 587281  |a BIBHIS  |b BIBHIS  |c GEN  |d 2022-10-14  |e 3  |g 14280.00  |i 5655214  |l 1  |m 1  |o 352.37 OLA 2022.  |p 5655214  |r 2025-01-20  |s 2024-04-11  |t 1  |v 14280.00  |w 2022-10-14  |y BK  |k HIS